000 00572nam a2200229Ia 4500
003 OSt
005 20220925215205.0
006 a|||||r|||| 00| 0
007 ta
008 220923b |||||||| |||| 00| 0 eng d
037 _cGeneral Book
040 _aRTL
_cRTL
_beng
041 _2eng
_aeng
082 _aY, L6
100 _aFrankfurt
_9282366
245 0 _aAspect of sociology
260 _aLondon
_bHeinemann
_c1956
300 _a210p
_ccm.
650 _aEssays Sociology
942 _hY, L6
_cGB
_2CC
999 _c568169
_d568169